Vocabulary Blitz XLVII Quiz Stats

 Plays Quiz Updated Nov 7, 2018

Score 0/5 Timer 01:00
8 Plays Today
% Correct
allegiant
95.6%
emergent
94.1%
indulgent
93.3%
divergent
92.7%
insurgent
87.1%

You're not logged in!

Compare scores with friends on all Sporcle quizzes.
OR
Log In

Show Comments

Extras

Top Quizzes Today


Score Distribution

Your Account Isn't Verified!

In order to create a playlist on Sporcle, you need to verify the email address you used during registration. Go to your Sporcle Settings to finish the process.

Report this User

Report this user for behavior that violates our Community Guidelines.

Details: